000 00647nam a22001937a 4500
005 20141110152307.0
008 141110b xxu||||| |||| 00| 0 eng d
020 _a9789814416467
050 _aHF 5635
_b.R259f 2012
100 _aReeve, James M.
245 _aPrinciples of financial and managerial accounting /
_cJames M. Reeve, Carl S. Warren, Jonathan E. Duchac.
250 _a11th ed.
260 _aAustralia :
_bSouth-Western Cengage Learning,
_cc2012.
300 _a1 v. (various pagings) :
_billustrations ;
_c28 cm.
521 _aAccountancy
650 _aAccounting.
650 _aManagerial accounting.
942 _2lcc
_cBK
_kFOR
999 _c276767
_d276767